Statistics for World Capital Bullseye #21

Click here to take the quiz!

General Stats

  • This quiz has been taken 66 times
  • The average score is 16 of 22

Answer Stats

Capital City% Correct
Pretoria
90%
Brasilia
86%
Kinshasa
85%
Buenos Aires
83%
Montevideo
83%
Luanda
81%
Brazzaville
80%
Harare
78%
Gaborone
76%
Lusaka
75%
Asuncion
73%
Libreville
71%
WINDHOEK
71%
Mbabane
68%
Accra
66%
Kigali
66%
Maseru
64%
Lome
63%
Sao Tome
61%
Bujumbura
59%
Lilongwe
59%
Porto-Novo
53%

Score Distribution

Percentile by Number Answered

Percent of People with Each Score

Your Score History

You have not taken this quiz